| 000 | 00372nam a2200169 4500 | ||
|---|---|---|---|
| 003 | OSt | ||
| 008 | 250124b |||||||| |||| 00| 0 eng d | ||
| 020 | _a9789353509019 | ||
| 082 | _a658.4 AGD | ||
| 100 | _aAGARWAL, Anuja | ||
| 245 | _aDesign Thinking | ||
| 250 | _a2nd | ||
| 260 |
_bCengage Learning _c2024 |
||
| 300 | _aMisc | ||
| 650 | _aCSE AIDS | ||
| 942 |
_2ddc _cBK |
||
| 999 |
_c13018 _d13018 |
||